00231nam a22001217a 4500040000700000082001000007100001300017245003100030260001600061300001000077942000700087999001500094 cSY a634p. aL.PANCEL aTropical forestry handbook aNAbPANcNA a162p. cEK c8963d8963